| 000 -LEADER |
| fixed length control field |
00422cam a22001217a 4500 |
| 008 - FIXED-LENGTH DATA ELEMENTS--GENERAL INFORMATION |
| fixed length control field |
180718b1922 xxu||||| |||| 00| 0 eng d |
| 082 ## - DEWEY DECIMAL CLASSIFICATION NUMBER |
| Classification number |
I54 B768 |
| 100 ## - MAIN ENTRY--PERSONAL NAME |
| Personal name |
Bright, Sallie E |
| 245 ## - TITLE STATEMENT |
| Title |
Public relations programs - how to plan them |
| Statement of responsibility, etc. |
by Sallie E. Bright |
| 260 ## - PUBLICATION, DISTRIBUTION, ETC. |
| Place of publication, distribution, etc. |
New York |
| Name of publisher, distributor, etc. |
National Publicity Council |
| Date of publication, distribution, etc. |
1922 |
| 300 ## - PHYSICAL DESCRIPTION |
| Extent |
44p. |
| 650 ## - SUBJECT ADDED ENTRY--TOPICAL TERM |
| Topical term or geographic name entry element |
Sunland Training Center (Gainesville, Fla.) Public relations --Social servic |